Locuzioni latine - Quiz n°2 - Statistics

Statistiche generali
  • Questo quiz è stato fatto 50 volte
  • Il punteggio medio è 10 su 10
Statistiche sulle risposte
Hint Risposta % Corretto
Per aspera ad astra Attraverso le asperità sino alle stelle
100%
Quo vadis? Dove vai
100%
Forma mentis Impostazione della mente
100%
Repetita iuvant Le cose ripetute giovano
100%
De lana caprina Sulla lana caprina
100%
Deus ex machina Divinità (che scende) dalla macchina
98%
In primis Fra le prime cose
98%
In alto loco In luogo alto
98%
Semper fidelis Sempre fedele
98%
In itinere Durante il percorso
95%
Nessun quiz corrispondente trovato
Distribuzione punteggi
Percentuale di utenti per punteggio
Percentile per numero di risposta
I tuoi punteggi nel tempo
Non hai fatto questo quiz